00714cam a2200217 i 45000010008000000030004000080050017000120080041000290100017000700200028000870400018001150430012001330820016001452450096001612600044002573000021003015040041003226500035003636510069003987000029004673194223OSt20230620131824.0770617s1977 cau b 000 0 eng  a 77024516  a0716701944.a0716701936 aDLCcDLCdDLC an-us---00a320.97bCAP04aThe Politics of policy making in America :bfive case studies /cedited by David A. Caputo. aSan Francisco :bW. H. Freeman,cc1977. a189 p. ;c24 cm. aIncludes bibliographical references. 0aPolicy sciencesxCase studies. 0aUnited StatesxPolitics and governmenty1945-1989xCase studies.1 aCaputo, David A.,d1943-